AH International Schools' Libraries

Big Nate : (Record no. 50277)

MARC details
000 -LEADER
fixed length control field 01414nam a2200289 4500
010 ## - LIBRARY OF CONGRESS CONTROL NUMBER
LC control number 2015296285
020 ## - INTERNATIONAL STANDARD BOOK NUMBER
International Standard Book Number 9781449462253
Qualifying information (pbk.)
020 ## - INTERNATIONAL STANDARD BOOK NUMBER
International Standard Book Number 1449462251
Qualifying information (pbk.)
020 ## - INTERNATIONAL STANDARD BOOK NUMBER
International Standard Book Number 1480666416
Qualifying information (Paw Prints)
035 ## - SYSTEM CONTROL NUMBER
System control number 18654012
035 ## - SYSTEM CONTROL NUMBER
System control number (OCoLC)884814921
100 ## - MAIN ENTRY--PERSONAL NAME
Personal name Peirce, Lincoln,
Relator term author,
-- artist.
9 (RLIN) 56870
245 10 - TITLE STATEMENT
Title Big Nate :
Remainder of title say good-bye to Dork City /
Statement of responsibility, etc by Lincoln Peirce.
260 ## - PUBLICATION, DISTRIBUTION, ETC. (IMPRINT)
Name of publisher, distributor, etc Andrews McMeel Publishing:
Date of publication, distribution, etc 17 March, 2015.
300 ## - PHYSICAL DESCRIPTION
Extent 222 pages :
Other physical details chiefly color illustrations ;
Dimensions 23 cm +
490 ## - SERIES STATEMENT
Series statement Big Nate
Volume number/sequential designation 12 of 34
520 ## - SUMMARY, ETC.
Summary, etc "Can Nate Wright get any cooler? Not according to Nate himself. He's already P.S. 38's rockin'est drummer, finest poet (check out his haiku about Brazil nuts), and deepest thinker--in his own mind. But does Nate have what it takes to hang with Marcus, leader of the school's most notorious posse? Or will he decide that being cool isn't all it's cracked up to be?"--
650 ## - SUBJECT ADDED ENTRY--TOPICAL TERM
Topical term or geographic name as entry element Middle school students
Form subdivision Comic books, strips, etc.
9 (RLIN) 73750
650 #0 - SUBJECT ADDED ENTRY--TOPICAL TERM
Topical term or geographic name as entry element Schools
Form subdivision Comic books, strips, etc.
9 (RLIN) 54290
650 ## - SUBJECT ADDED ENTRY--TOPICAL TERM
Topical term or geographic name as entry element Boys
Form subdivision Comic books, strips, etc.
9 (RLIN) 54288
650 ## - SUBJECT ADDED ENTRY--TOPICAL TERM
Topical term or geographic name as entry element Sixth grade (Education)
Form subdivision Comic books, strips, etc.
9 (RLIN) 87297
650 ## - SUBJECT ADDED ENTRY--TOPICAL TERM
Topical term or geographic name as entry element Popularity
Form subdivision Comic books, strips, etc.
9 (RLIN) 79988
655 #0 - INDEX TERM--GENRE/FORM
Genre/form data or focus term American wit and humor, Pictorial.
9 (RLIN) 87298
655 #0 - INDEX TERM--GENRE/FORM
Genre/form data or focus term Graphic novels.
655 #7 - INDEX TERM--GENRE/FORM
Genre/form data or focus term Humorous fiction.
Source of term gsafd
942 ## - ADDED ENTRY ELEMENTS (KOHA)
Source of classification or shelving scheme
Koha item type Book
Holdings
Withdrawn status Lost status Source of classification or shelving scheme Damaged status Not for loan Home library Current library Date acquired Total Checkouts Full call number Barcode Checked out Date last seen Date checked out Price effective from Koha item type
          Logos International School Logos International School 03/23/2026 4 J GRAPHIX PEI 040915 05/05/2026 04/27/2026 04/27/2026 03/23/2026 Book

For any Logos Library related questions please contact Miss Art at swongnarasuk@asianhope.org.

For any Asian Hope Library related questions please contact Miss Raza at graza@asianhope.org.

Powered by Koha